Radio and television communication (Record no. 2576)

000 -LEADER
fixed length control field 00561nam a22001457a 4500
020 ## - INTERNATIONAL STANDARD BOOK NUMBER
International Standard Book Number 9789351115137
082 ## - DEWEY DECIMAL CLASSIFICATION NUMBER
Classification number 791.4
100 ## - MAIN ENTRY--PERSONAL NAME
Personal name Sonia Mahajan
245 ## - TITLE STATEMENT
Title Radio and television communication
260 ## - PUBLICATION, DISTRIBUTION, ETC.
Place of publication, distribution, etc. New Delhi
Name of publisher, distributor, etc. Randon publications
Date of publication, distribution, etc. 2015
300 ## - PHYSICAL DESCRIPTION
Extent 283p
942 ## - ADDED ENTRY ELEMENTS (KOHA)
Koha item type Book
Holdings
Withdrawn status Lost status Damaged status Not for loan Collection code Permanent Location Current Location Shelving location Date acquired Total Checkouts Full call number Barcode Date last seen Price effective from Koha item type
          Central Library (CL) Central Library (CL) General Stacks 02/25/2016   791.4 MAH S3H-S-694 02/25/2016 02/25/2016 Book
          Central Library (CL) Central Library (CL) General Stacks 02/25/2016   791.4 MAH S3H-S-695 02/25/2016 02/25/2016 Book
© 2023 Central Library, National University of Sciences and Technology. All Rights Reserved.